[Event "GBR-ch"]
[Site "Scarborough"]
[Date "2001.08.03"]
[Round "5"]
[White "Gallagher, Joseph G"]
[Black "Hodgson, Julian M"]
[Result "1/2-1/2"]
[WhiteElo "2516"]
[BlackElo "2581"]
[Annotator "Martin,A"]
[PlyCount "29"]
[EventDate "2001.07.30"]

1. e4 d5 2. exd5 Qxd5 3. Nc3 Qa5 4. d4 Nf6 5. Nf3 c6 6. Ne5 Be6 7. Bc4 Bxc4 8.
Nxc4 Qa6 9. b3 $146 ({RR} 9. Qe2 e6 10. Bf4 Nd5 11. Bd6 Nxc3 ({RR} 11... Nd7
12. Ne4 N7b6 13. Bxf8 Kxf8 14. Ncd6 Qxe2+ 15. Kxe2 Nd7 16. Nxb7 Rb8 17. Na5 f5
18. Ng5 h6 19. Nf3 Rxb2 20. Kd2 Rb6 21. Rhb1 Ra6 22. Rb7 N5f6 23. Nc4 Ke7 24.
Nfe5 Rc8 25. Re1 Rxa2 26. Nxd7 {
1-0 Fernandez Garcia,J-Doncevic,D/Pamplona 1991/EXT 2000 (26)}) 12. bxc3 Nd7
13. Bxf8 Kxf8 14. Nd6 ({RR} 14. Qd3 Ke7 15. a4 Nb6 16. Ne5 Qxd3 17. cxd3 Nd7
18. Nf3 Rhc8 19. Kd2 c5 20. Rhb1 Rc7 21. a5 Rac8 22. Ra3 cxd4 23. Nxd4 Nc5 24.
Nb3 Nd7 25. c4 e5 26. Re1 Kd6 27. f4 f6 28. Kc3 Nc5 {
Topalov,V-Van Wely,L/Monte Carlo 1997/CBM 57 ext/1-0 (79)}) 14... Qxe2+ 15.
Kxe2 b6 16. a4 Ke7 17. Ne4 c5 18. dxc5 f5 19. Nd2 Nxc5 20. a5 Rhc8 21. axb6
axb6 22. Rxa8 Rxa8 23. Rb1 Ra2 {
Belov,V-Krivoshey,S/Alushta 1999/EXT 2000/1/2-1/2 (55)}) 9... e6 10. O-O Bb4
11. Qf3 O-O 12. a3 Be7 13. Bg5 Nbd7 14. a4 Rad8 15. Rad1 {
 And two old, tired friends retire to put their feet up for the afternoon.}
1/2-1/2

[Event "GBR-ch"]
[Site "Scarborough"]
[Date "2001.08.03"]
[Round "5"]
[White "Hebden, Mark"]
[Black "Williams, Simon K"]
[Result "1-0"]
[WhiteElo "2550"]
[BlackElo "2369"]
[Annotator "Martin,A (game of the day)"]
[PlyCount "47"]
[EventDate "2001.07.30"]

1. d4 {. Belov} 1... e6 2. Nf3 f5 3. g3 Nf6 4. Bg2 d5 5. O-O Bd6 6. c4 c6 7.
Bf4 {A move in the style of the later Hebden. White plays for a small,clear
edge and that's it! } 7... Bxf4 {Black has nothing better than to take.} 8.
gxf4 O-O 9. Ne5 {Here's a rough indication of what White is aiming for :} (9.
e3 Nbd7 10. Qe2 Ne4 11. Nbd2 Ndf6 12. Ne5 Bd7 13. Nxe4 Nxe4 14. Kh1 Be8 15.
Bxe4 $1 fxe4 16. Rg1 {As you can see,an excellent Knight, the g file and
perhaps c5, b4-b5 etc. Enough trumps to add up to an edge.}) 9... Nbd7 10. Nc3
$146 ({RR} 10. e3 Nxe5 ({RR} 10... Ne4 11. f3 Nd6 12. c5 Nxe5 13. fxe5 Nf7 14.
Nc3 f4 ({RR} 14... g5 15. Ne2 Nh8 16. f4 g4 17. h3 h5 18. Ng3 Qe8 19. hxg4 hxg4
20. Kf2 Bd7 21. Rh1 Qe7 22. Rh6 Rf7 23. Qb3 Rh7 24. Rxh7 Kxh7 25. Qxb7 Qd8 26.
Nh5 Kg6 27. Nf6 Rb8 28. Qxd7 Rxb2+ 29. Kf1 Qxd7 30. Nxd7 Kf7 31. Rc1 g3 32. Bh3
Rf2+ 33. Ke1 Ng6 34. Bf1 Nh4 35. Be2 {
1/2-1/2 Shabalov,A-Glek,I/Tashkent 1987/EXT 2000 (35)}) 15. e4 Qh4 16. b4 Bd7
17. Qe1 Qh6 18. b5 dxe4 19. Qxe4 Ng5 20. Qe2 Rad8 21. a4 Be8 22. Rad1 Rf5 23.
Rf2 Rf7 24. a5 cxb5 25. Nxb5 Bxb5 26. Qxb5 Qg6 27. Kh1 Rc7 28. a6 bxa6 29. Qa5
Rcc8 30. Rfd2 h5 31. h4 Nh7 32. Qxa6 Nf8 33. Bh3 Qg3 34. Bxe6+ Nxe6 35. Qxe6+
Kh8 36. Rf1 Qxh4+ 37. Rh2 Qg5 38. Qf7 h4 39. Rg1 Qh6 40. Rg6 Qh7 41. Rxg7 Qh6
42. Rg6 {1-0 Zakharevich,I-Ulibin,M/Elista 1996/CBM 56/[Belov] (42)}) 11. dxe5
({RR} 11. fxe5 Ng4 12. Nd2 Bd7 13. h3 Nh6 14. f4 Be8 15. Kh2 Kh8 16. Qe2 g5 17.
fxg5 Qxg5 18. Qf2 Bh5 19. Qf4 Rg8 20. Qxg5 Rxg5 21. cxd5 cxd5 22. Rac1 Rag8 23.
Rf2 Bg4 24. Nf1 Rh5 25. Ng3 Rhg5 {
Beliavsky,A-Salov,V/Vilnius 1987/URS-ch/1/2-1/2 (41)}) 11... Ng4 12. h3 Nh6 13.
Nd2 Bd7 14. Nf3 Qe7 15. Rc1 Rac8 16. Qb3 b6 17. Rc3 Nf7 18. Rfc1 dxc4 19. Qxc4
c5 20. Qa6 Rc7 21. b4 Bc6 22. bxc5 Bxf3 23. Bxf3 bxc5 24. Qa5 Rfc8 25. Be2 Rc6
26. Bb5 Rb6 27. Ba4 Kh8 28. Rxc5 Rg8 29. Rc8 Nd8 30. R1c7 Qh4 31. Qd2 Qxh3 32.
Bd1 Rb1 33. Qxd8 {1-0 Zakharevich,I-Zarubin,P/Voronezh 1991/CBM 22 ext (33)})
10... Qe7 11. Rc1 Ne4 12. e3 Kh8 13. Ne2 $14 {
Hebden is slightly more comfortable,but that is all.} 13... Rg8 $6 {
It was time to exchange and get that 'thing' on c8 moving eg.} (13... Nxe5 14.
fxe5 Bd7 15. f3 Ng5 {It's still a bit better for White but at least the Black
position has some balence }) 14. f3 Nd6 15. b3 {Knowledge of the opponent
helps. By nature,Simon Williams is neither passive,nor patient.Black's
position really needs a lot of loving care.} 15... Nf6 16. Qe1 $1 Nd7 17. c5
Nf7 18. Qh4 $1 $16 { Very nice !} 18... g5 19. Nxf7+ Qxf7 20. fxg5 $18 e5 21.
dxe5 Nxe5 22. Qd4 Qg7 23. Nf4 Bd7 24. Nh5 {The horrible experience comes to a
merciful end. Against the top players,you really do have to choose your
weapons very carefully.} 1-0

[Event "GBR-ch"]
[Site "Scarborough"]
[Date "2001.08.04"]
[Round "6"]
[White "Wells, Peter"]
[Black "Emms, John M"]
[Result "1/2-1/2"]
[WhiteElo "2510"]
[BlackElo "2532"]
[Annotator "Martin,A"]
[PlyCount "99"]
[EventDate "2001.07.30"]

1. Nf3 c5 2. c4 Nc6 3. Nc3 e5 4. e3 Nf6 5. a3 d5 6. cxd5 Nxd5 7. Qc2 { 7 Bb5 is a critical test of Black's set-up} 7... Nxc3 8. dxc3 Be7 9. Bd3
$1 $146 { A very interesting idea,borrowed from the Sicilian,where Wells
is controlling the position by observing the squares e4 and f5.} ({RR} 9. Bc4
O-O 10. e4 Be6 11. Bxe6 fxe6 12. Qb3 Qd3 13. Qxe6+ Kh8 14. Be3 Rxf3 15. gxf3
Bh4 16. Bd2 Qxf3 17. O-O Rf8 18. Be3 Nd4 19. cxd4 cxd4 20. h3 dxe3 21. fxe3
Qxe3+ 22. Kh1 Qxe4+ 23. Kg1 Qe3+ 24. Kh1 Qe4+ 25. Kg1 Qe3+ {
1/2-1/2 Shaked,T-Sokolin,L/Denver 1998/CBM 68 (25)}) 9... Be6 10. O-O Qc7 11.
c4 g6 12. Be4 O-O 13. b3 f5 14. Bxc6 bxc6 15. Bb2 e4 16. Be5 Qb7 17. Ne1 Rad8
18. f3 exf3 19. Nxf3 Rd7 20. Bb2 Bf6 21. Bxf6 Rxf6 22. Qc3 Rf8 23. Ng5 Bf7 24.
e4 h6 25. exf5 $1 {So far an impeccable game and this move should surely win .#
} 25... hxg5 26. fxg6 Rd4 $8 {Emms,as is customary,fights very hard.} 27. gxf7+
Rxf7 28. Qg3 g4 29. Rae1 (29. Rxf7 Qxf7 30. Qe5 {is good enough.}) 29... Rxf1+
30. Rxf1 Qe7 31. Re1 Qf6 32. h4 (32. Qb8+ $18) 32... Rf4 33. Qe3 Kg7 34. Qxc5
g3 $1 { Shouldn't save the game but obviously created doubt.} 35. Qg5+ (35.
Qxa7+ Kg6 36. Qe3 Qxh4 37. Qe8+ $18) 35... Qxg5 36. hxg5 Rd4 37. Kf1 Rd3 (37...
Rf4+ 38. Ke2 Rf2+ 39. Ke3 Rxg2 40. Kf4 Rb2 41. Kxg3 Rxb3+ 42. Kf4 Rxa3 43. Re7+
Kf8 44. Rc7 {
is a completely different ballgame but White still has a big advantage.}) 38.
Re6 Rxb3 39. Rxc6 Rxa3 40. Ke2 a5 41. Ra6 Rc3 42. Rxa5 Rxc4 43. Kf3 Kg6 44.
Kxg3 Rb4 45. Kh3 Rc4 46. g3 Rb4 47. Rc5 Ra4 48. g4 Ra1 49. Kh4 Rh1+ 50. Kg3 {
How frustrating!} 1/2-1/2

[Event "GBR-ch"]
[Site "Scarborough"]
[Date "2001.08.04"]
[Round "6"]
[White "Hebden, Mark"]
[Black "Shaw, John K"]
[Result "0-1"]
[WhiteElo "2550"]
[BlackElo "2478"]
[Annotator "Martin,A"]
[PlyCount "108"]
[EventDate "2001.07.30"]

1. d4 d5 2. c4 c6 3. Nf3 Nf6 4. e3 Bg4 5. h3 Bxf3 6. Qxf3 e6 7. Nc3 Nbd7 8. Bd2
({RR} 8. Bd3 Bd6 9. O-O O-O 10. Rd1 Re8 ({RR} 10... dxc4 11. Bxc4 e5 12. Bb3
Qe7 13. dxe5 Qxe5 14. g3 Nc5 15. Bc2 Rad8 16. Bd2 h5 17. Qf5 Qe7 18. Be1 g6 19.
Qf3 Ne6 20. Ne4 Be5 21. Nxf6+ Bxf6 22. Bb4 c5 23. Bc3 Bxc3 24. bxc3 Ng5 25. Qg2
{Savchenko,S-De Vreugt,D/Dieren 1999/CBM 71 ext/0-1 (40)}) 11. Qe2 Qe7 12. c5
Bc7 13. f4 b6 14. b4 bxc5 15. bxc5 e5 16. Re1 exd4 17. exd4 Qf8 18. Qf2 Rxe1+
19. Qxe1 Re8 20. Ne2 Ne4 21. Rb1 Rb8 22. Rxb8 Qxb8 {
Kortschnoj,V-Magem Badals,J/Pamplona 1994/CBM 46/0-1 (50)}) 8... Bd6 9. g4 $146
({RR} 9. Bd3 Qe7 10. O-O dxc4 11. Bxc4 e5 12. Bb3 e4 13. Qe2 O-O 14. f3 Rae8
15. g4 h6 16. Qg2 exf3 17. Rxf3 Ne4 18. Nxe4 Qxe4 19. Raf1 Nf6 20. Rxf6 Qxg2+
21. Kxg2 gxf6 22. Rxf6 Be7 23. Rxh6 Kg7 {
Nogueiras,J-Labra,M/San Copiapo 1992/EXT 2000/1-0 (38)}) 9... h6 10. h4 Qe7 11.
g5 Ne4 12. Nxe4 dxe4 13. Qxe4 hxg5 14. hxg5 Rxh1 15. Qxh1 Qxg5 16. O-O-O O-O-O
17. f4 Qf6 18. Bg2 Bc7 19. Bc3 Qe7 20. Qh3 Nb6 21. Bf1 Kb8 22. Qg2 g5 23. Qxg5
Qxg5 24. fxg5 Rg8 25. Bd3 Rxg5 26. Rh1 Kc8 27. e4 Rg3 28. Rd1 Rg2 29. b3 Rf2
30. Bc2 Nd7 31. Rh1 Bf4+ 32. Kb1 Bd2 33. Bb2 Kc7 34. e5 Re2 35. Bd1 Rf2 36. a3
Be3 37. Bc2 Rf4 38. Rd1 Kc8 39. d5 c5 40. Rh1 Bd4 41. Bc1 ({
It was time to admit that he had nothing eg} 41. Bxd4 Rxd4 42. Rh8+ Kc7 43. Rh7
Rf4 44. dxe6 fxe6 45. Kb2 $11) 41... Rf2 42. Rh8+ Kc7 43. d6+ Kb6 44. b4 Nxe5
45. Rc8 Rf1 46. Ba4 Be3 47. d7 Rxc1+ 48. Ka2 Nxd7 49. Bxd7 Rxc4 50. Kb3 Rf4 51.
b5 Bd4 52. Be8 Rf3+ 53. Ka2 e5 54. Rd8 c4 0-1

[Event "GBR-ch"]
[Site "Scarborough"]
[Date "2001.08.04"]
[Round "6"]
[White "Summerscale, Aaron"]
[Black "Buckley, Simon"]
[Result "1-0"]
[WhiteElo "2510"]
[BlackElo "2268"]
[Annotator "Martin,A"]
[PlyCount "47"]
[EventDate "2001.07.30"]

1. d4 b5 2. e4 Bb7 3. Bd3 e6 4. Nf3 c5 5. c3 a6 6. O-O Be7 7. Re1 Nf6 8. Bg5 ({
RR} 8. a3 d6 9. Nbd2 cxd4 10. cxd4 Nbd7 11. Nf1 O-O 12. Ng3 Re8 13. Qe2 Qb8 14.
Bd2 Rc8 15. Rad1 Qc7 16. h3 Qd8 17. Nh2 Qf8 18. f4 Nb6 19. Nf3 Na4 20. Bc1 b4
21. axb4 d5 22. e5 Ne4 23. Nxe4 dxe4 24. Bxe4 Bxe4 25. Qxe4 Rab8 26. f5 Rxb4
27. fxe6 fxe6 28. Qg4 Rc6 29. Bd2 Rxb2 30. d5 exd5 31. Qxa4 Rcc2 32. Qd7 {
0-1 Dolmatov,S-Giffard,N/Cannes 1994/EXT 97 (32)}) ({RR} 8. e5 Nd5 9. dxc5 Bxc5
10. Nbd2 f5 11. exf6 Nxf6 12. Nb3 Be7 13. Nbd4 Nc6 14. Nxc6 Bxc6 15. Nd4 Bb7
16. Bf4 O-O 17. Be5 Qe8 18. Re3 Qf7 19. Qc2 g6 20. Rg3 Rfe8 21. Re1 d6 22. Bxg6
hxg6 23. Rxg6+ Kf8 24. Bf4 Bd8 {
1-0 Sadvakasov,D-Tatai,S/Saint Vincent 1999/CBM 68 ext (24)}) 8... h6 9. Bh4 d6
10. Nbd2 $146 {Grandmasterly straightforwardness - the easy life - is about to
be confronted by caveman tactics.} ({RR} 10. Qe2 O-O 11. Nbd2 Re8 12. Rad1 Nbd7
13. Bg3 Nh5 14. Bb1 Nxg3 15. hxg3 e5 16. Nf1 Qc7 17. d5 Bf8 18. Ne3 g6 19. g4
Bg7 20. g3 Bc8 21. Kg2 Nf6 22. Nh4 Qd7 23. f3 Nh7 24. Rh1 Rb8 25. Qd2 b4 26. c4
a5 27. Rh2 Qe7 28. Rdh1 Qg5 29. Qe2 Qf6 30. Bd3 {
1/2-1/2 Laakso,H-Kinnunen,M/Kuopio 1995/EXT 2000 (30)}) 10... g5 11. Bg3 g4 12.
e5 $3 { Two can play at that game.} 12... gxf3 13. exf6 Bxf6 14. Nxf3 c4 15.
Bc2 Bd5 16. Nd2 Be7 17. Qh5 Kf8 18. Be4 Nd7 19. Bxd5 Nf6 20. Qf3 exd5 21. Nf1
Ra7 22. Rxe7 Qxe7 23. Bh4 Kg7 24. Ng3 1-0

[Event "GBR-ch"]
[Site "Scarborough"]
[Date "2001.08.04"]
[Round "6"]
[White "Walker, Martin G"]
[Black "Crouch, Colin"]
[Result "1-0"]
[WhiteElo "2109"]
[BlackElo "2407"]
[Annotator "Martin,A"]
[PlyCount "89"]
[EventDate "2001.07.30"]

1. e4 Nf6 2. e5 Nd5 3. d4 d6 4. c4 Nb6 5. f4 g6 6. Nf3 ({RR} 6. h3 Bg7 7. Nf3
O-O 8. Be2 Be6 9. d5 Bc8 10. Nc3 c6 11. O-O cxd5 12. cxd5 N6d7 13. Qd4 dxe5 14.
fxe5 Nxe5 15. Nxe5 Nc6 16. Qh4 Nxe5 17. Be3 a6 18. Rad1 Bd7 19. Ne4 Bf5 20. Ng3
Bd7 {Mrva,V-Sergeev,V/Bardejov 1996/EXT 98/0-1 (62)}) 6... Bg7 7. Nc3 ({RR} 7.
Be3 Bg4 8. Be2 c6 9. Nbd2 O-O 10. h3 Be6 11. a4 a5 12. Ng5 Bc8 13. Qb3 f6 14.
Ngf3 Be6 15. d5 Nxd5 16. cxd5 cxd5 17. Qxb7 Nd7 18. Nd4 Nc5 19. Nxe6 Nxb7 20.
Nxd8 Nxd8 21. exd6 exd6 {
Chuah Jin Hai,J-Fesalbon,R/Shenyang 1999/EXT 2000/1-0 (35)}) 7... Be6 $146 ({RR
} 7... Bg4 8. Be3 dxe5 9. dxe5 Qxd1+ 10. Rxd1 Bxf3 11. gxf3 c6 12. c5 N6d7 13.
Bc4 f5 14. Ke2 b5 15. Nxb5 Na6 16. Nd4 Ndb8 17. Ne6 Nd7 18. Nxg7+ Kd8 19. Ne6+
Ke8 20. Bxa6 Rb8 21. b3 Nf8 22. Nc7+ Kf7 23. e6+ Nxe6 24. Nxe6 Rb4 25. Ng5+ Ke8
26. Bc4 h6 27. Rd8+ Kxd8 28. Nf7+ Kc7 29. Nxh8 g5 30. fxg5 hxg5 31. Bxg5 e5 {
1-0 Pizzato,C-Premilovac,A/Sydney 1995/EXT 98 (31)}) ({RR} 7... dxe5 8. fxe5 c5
9. d5 Bg4 10. Bf4 O-O 11. h3 Bxf3 12. Qxf3 N8d7 13. Qe3 Qb8 14. e6 Ne5 15.
exf7+ Rxf7 16. Bxe5 Bxe5 17. Be2 Bd4 18. Qe6 Qg3+ 19. Kd2 Qxg2 20. d6 Bxc3+ 21.
Kxc3 Qg3+ 22. Kc2 {Lorincz,O-Mozes,E/Miskolc 1998/EXT 99/0-1 (43)}) ({RR} 7...
O-O 8. Bd3 Nc6 9. Be3 dxe5 10. fxe5 Bg4 11. Ne2 Nb4 12. O-O Qd7 13. Qb3 Qa4 14.
Be4 f5 15. Bb1 Rfd8 16. Bg5 Nc6 17. Qxa4 Nxa4 18. Bc2 Nb6 19. Bb3 Bxf3 20. Rxf3
Kf8 21. Rd1 Na5 22. Nf4 {Bordos,J-Varga,Z/Zalakaros 1995/EXT 97/0-1 (40)}) 8.
b3 O-O 9. Be2 c5 10. dxc5 dxc5 11. Qxd8 Rxd8 12. Be3 Na6 13. Ne4 Rac8 14. Kf2
h6 15. Rad1 Rxd1 16. Rxd1 Nd7 17. Nh4 Nf8 18. Bf3 Bd7 19. Nc3 Bc6 20. Bxc6 bxc6
21. Ne4 f6 22. Nf3 fxe5 23. Nxe5 g5 24. g3 Bxe5 25. fxe5 Kf7 26. h4 gxh4 27.
gxh4 Ng6 28. Rd7 Ra8 29. Bxc5 Nxc5 30. Nxc5 Nxe5 31. Rc7 a5 32. a4 Kf6 33. Ke3
Rg8 34. Ra7 Rg3+ 35. Kf2 Rh3 36. Rxa5 Rxh4 37. Ra8 Rh2+ 38. Kg3 Ra2 39. a5 h5
40. a6 Kg5 41. Rg8+ Ng6 42. Na4 h4+ 43. Kh3 Kh5 44. Rxg6 Kxg6 45. a7 {
Walker continues to confound the critics with his excellent play.} 1-0

[Event "GBR-ch"]
[Site "Scarborough"]
[Date "2001.08.04"]
[Round "6"]
[White "Knott, Simon JB"]
[Black "Ghasi, Ameet K"]
[Result "1-0"]
[WhiteElo "2373"]
[BlackElo "2188"]
[Annotator "Martin,A"]
[PlyCount "109"]
[EventDate "2001.07.30"]

1. c4 g6 2. Nc3 Bg7 3. d4 Nf6 4. e4 d6 5. Nf3 O-O 6. Be2 Bg4 7. Be3 Nfd7 8. Rc1
a6 $5 { Ghasi's pet variation. Black is hedging his bets. Will he play .
...c7-c5 or ...e7-e5 ?} 9. O-O Bxf3 10. Bxf3 c5 11. d5 b5 12. Be2 Qa5 13. Bd2
$146 {Knott is as implacable as ever.} ({RR} 13. a3 Nb6 14. cxb5 axb5 15. Nxb5
Bxb2 16. Rb1 Na4 17. Bg5 Re8 18. Bd2 Bc3 19. Nxc3 Nxc3 20. Bxc3 Qxc3 21. Rb3
Qe5 22. Bb5 Rd8 23. f4 Qxe4 24. Re1 Qf5 25. Rxe7 Qf6 26. Rbe3 Rxa3 27. Re1 Ra2
28. Be8 Qxf4 29. Rxf7 Qg5 30. Qf3 Qh4 31. Rf8+ Kg7 32. Rg8+ Kh6 33. Qf8+ Kg5
34. Qe7+ Kh5 35. Bxg6+ hxg6 36. Qh7+ {
1-0 Rashkovsky,N-Nouro,M/Ubeda 1999/CBM 68 ext (36)}) 13... b4 14. Na4 Nb6 15.
Nxb6 Qxb6 16. Rb1 Nd7 17. a4 Rae8 18. b3 Nf6 19. Qc2 e5 20. Rbe1 Qd8 21. g3 Nd7
22. Bg4 Nf6 23. Bh3 $1 $14 h6 24. Kg2 Kh7 25. Bc1 Qe7 26. Re2 Nh5 27. Bg4 Nf6
28. Bh3 Nh5 29. Bg4 Nf6 30. f3 a5 31. Bh3 Nh5 32. Bg4 Nf6 33. h4 h5 34. Bh3 Ng8
35. Bg5 f6 36. Bc1 Bh6 37. Bb2 Qg7 38. f4 Ne7 39. Bd7 Rd8 40. Be6 Kh8 41. Ref2
Ng8 42. Qe2 Qe7 43. f5 Qg7 44. fxg6 Qxg6 45. Rf5 Ne7 46. Rxh5 Rg8 47. Bxg8 Rxg8
48. Qf3 Kg7 49. Bc1 Bxc1 50. Rxc1 Kf7 51. Rg5 Qh6 52. Rxg8 Qxc1 53. Rd8 Qd2+
54. Kh3 Ng6 55. Rxd6 {
 Patience and good technique were on display in this game.} 1-0

[Event "GBR-ch"]
[Site "Scarborough"]
[Date "2001.08.04"]
[Round "6"]
[White "Simons, Martin J"]
[Black "Palliser, Richard JD"]
[Result "0-1"]
[WhiteElo "2215"]
[BlackElo "2337"]
[Annotator "Martin,A"]
[PlyCount "82"]
[EventDate "2001.07.30"]

1. e4 c5 2. Nc3 Nc6 3. f4 g6 4. Nf3 Bg7 5. Bb5 Nd4 6. Bd3 d6 7. Nxd4 cxd4 8.
Ne2 Nf6 9. Nxd4 Nxe4 10. Bxe4 Bxd4 11. c3 Bf6 ({RR} 11... Bg7 12. Qf3 Qb6 13.
d4 O-O 14. a4 a5 15. f5 gxf5 16. Bxf5 Bxf5 17. Qxf5 e5 18. O-O exd4 19. cxd4
Qxd4+ 20. Kh1 Qc5 21. Qf3 Qc6 22. Qh5 d5 23. Ra3 Qc4 24. Rd1 Ra6 25. Rh3 Qc2
26. Qxd5 {Pinto,M-Vucic,M/San Francisco 1999/CBM 68 ext/0-1 (49)}) 12. Qf3 Qb6
$146 ({RR} 12... Rb8 13. d4 e6 14. O-O d5 15. Bd3 O-O 16. g4 Qb6 17. Kh1 Bd7
18. a4 Bg7 19. Rg1 Rbe8 20. a5 Qd8 21. b3 f6 22. a6 b6 23. f5 g5 24. fxe6 Bxe6
25. Qh3 h6 26. Ba3 Rf7 27. Bg6 {
Kallio,H-Haapasalo,J/Tampere 1998/EXT 99/1-0 (39)}) 13. d4 h5 14. O-O Bg4 15.
Qf2 Bf5 16. Bf3 e6 17. d5 Qxf2+ 18. Kxf2 e5 19. Re1 Kd7 20. Be3 exf4 21. Bxf4
g5 22. Bd2 g4 23. Be4 Bxe4 24. Rxe4 Be5 25. Bf4 Rhe8 26. g3 f5 27. Rb4 Bxf4 28.
gxf4 Kc7 29. Rc4+ Kd7 30. Rb4 Rab8 31. Re1 Rxe1 32. Kxe1 h4 33. Kf2 b6 34. Ra4
a5 35. Rc4 b5 36. Rc6 b4 37. Ra6 bxc3 38. Ra7+ Ke8 39. bxc3 Rb2+ 40. Kg1 Rxa2
41. Ra6 a4 0-1

[Event "GBR-ch"]
[Site "Scarborough"]
[Date "2001.08.04"]
[Round "6"]
[White "Hodgson, Julian M"]
[Black "Turner, Matthew J"]
[Result "1-0"]
[WhiteElo "2581"]
[BlackElo "2511"]
[Annotator "Martin,A"]
[PlyCount "125"]
[EventDate "2001.07.30"]

1. d4 {Chekhov} 1... Nf6 2. Bg5 Ne4 3. Bf4 c5 4. f3 Qa5+ 5. c3 Nf6 6. d5 Qb6 7.
Bc1 e6 8. c4 exd5 9. cxd5 c4 $6 10. e3 Bc5 11. Kf2 O-O 12. Bxc4 d6 13. Ne2 Nbd7
14. Nbc3 Ne5 15. Na4 Qb4 16. b3 Nxc4 17. bxc4 Qxc4 18. Nxc5 Qxc5 19. Nf4 g5
$146 {Looks completely crazy and if White gets his pieces going, it will be! 
However,there is method in the madness because the White King isn't yet fully
safe. } ({RR} 19... Re8 {A saner move.} 20. Re1 g5 21. Nd3 Qb6 22. Qb3 Qxb3
23. axb3 Nxd5 24. Ra5 Be6 25. e4 Ne7 26. Rxg5+ Ng6 27. f4 f6 28. Rb5 Rac8 29.
f5 Rc2+ 30. Kf1 Bd7 31. Rxb7 Bc6 32. Rc7 Nh4 33. Rxc6 Rxc6 34. Nb4 Rxc1 35.
Rxc1 Rxe4 36. Nd5 Re5 37. Nxf6+ Kg7 38. Ng4 Rxf5+ 39. Kg1 Rb5 {
1/2-1/2 Hodgson,J-Wells,P/Copenhagen 1996/CBM 54/[Chekhov] (39)}) 20. Nd3 Qxd5
21. e4 Qa5 22. Bd2 Qb5 23. Qe2 Re8 24. a4 Qb6+ 25. Be3 Qa5 26. h4 $1 $36 Bg4 $2
{Over the top A pity because maybe he could justify his earlier
aggression with} (26... g4 $1 {
At this moment in time Black seems to be getting it together eg} 27. Bd4 (27.
Qb2 Nh5 28. Rhc1 g3+ 29. Kg1 Qd8) (27. Nf4 Qe5 28. Qd2 g3+ $40) 27... Nd5 $1
28. Rhb1 Qd8 $13) 27. Qb2 Nxe4+ 28. fxe4 Rxe4 29. Qb5 Qxb5 30. axb5 gxh4 31.
Rxh4 h5 32. Rhh1 Rae8 (32... a5) (32... a6) 33. Rhe1 Bd7 {
This might be savable but it's a very thankless task.

} 34. Nf4 Bxb5 35.
Nxh5 R4e6 36. Bxa7 Rxe1 37. Rxe1 Rxe1 38. Kxe1 Kf8 39. Nf4 Ke7 40. Bd4 Bc6 41.
Kd2 Kd7 42. Kc3 Be4 43. Kc4 Kc6 44. Be3 Bb1 45. Ne2 Ba2+ 46. Kb4 Bb1 47. g3 Bd3
48. Nd4+ Kd5 49. Kc3 Bg6 50. Bf4 Kc5 51. Nb3+ Kd5 52. Na5 b6 53. Nb7 f6 54. Kb4
Bf5 55. Nxd6 Bd3 56. Nc8 b5 57. Na7 Bc4 58. Nxb5 Bd3 59. Nc7+ Kd4 60. Ne8 f5
61. Nd6 Kd5 62. Kc3 Bb1 63. Nc4 1-0